000 00643cam a2200205 4500500
005 20260329001412.0
041 _afre
042 _adc
100 1 0 _aGauchet, Marcel
_eauthor
700 1 0 _aLegros, Martin
_eauthor
245 0 0 _aMarcel Gauchet : “L’opposition est plutôt de l’ordre de l’affect”
260 _c2007.
500 _a62
690 _aDroite
690 _aGauche
690 _aMarcel Gauchet
690 _aPolitique
786 0 _nPhilosophie magazine | 6 | 2 | 2007-02-01 | p. 8-8 | 1951-1787
856 4 1 _uhttps://shs.cairn.info/magazine-philosophie-magazine-2007-2-page-8?lang=fr&redirect-ssocas=7080
999 _c1805066
_d1805066